Stadtteile Berns auf einer Karte - Statistiken

Allgemein
  • Dieses Quiz wurde 137 mal gespielt
  • Das Durchschnittsergebnis liegt bei 3 aus 6
Antworten auf der Karte
Die Antworten werden auf der Karte rot bzw. grün angezeigt, abhängig davon wie oft sie richtig erraten wurden.
 
Antwortstatistiken
# Stadtteil % Korrekt
VI Bümpliz-Oberbottigen
88%
V Breitenrain-Lorraine
61%
II Länggasse-Felsenau
53%
IV Kirchenfeld-Schosshalde
52%
III Mattenhof-Weissenbühl
39%
I Innere Stadt
27%
Keine übereinstimmenden Quizze gefunden
Verteilung der Resultate
Anzahl Personen mit jedem Resultat
Perzentil nach korrekt beantworteten Fragen
Ihre Resultats-Entwicklung
Sie haben dieses Quiz noch nicht gespielt